[Event "OLSW 1920 SVG Saarbrücken - Turm Illinge"]
[Site "?"]
[Date "2021.07.18"]
[Round "9.8"]
[White "Zha, Kevin"]
[Black "Hoppstaedter, Daniel"]
[Result "0-1"]
[WhiteElo "1863"]
[BlackElo "1715"]
[PlyCount "78"]
[EventDate "2021.??.??"]

1. e4 c5 2. Nf3 e6 3. d4 cxd4 4. Nxd4 Nf6 5. Nc3 Nc6 6. Nxc6 bxc6 7. e5 Nd5 8.
Ne4 Bb7 9. Be2 c5 10. O-O Qc7 11. f4 Be7 12. Bf3 O-O 13. Qe1 f5 14. Nc3 Nb4 15.
Qe2 Rab8 16. Be3 Ba6 17. Qf2 Bxf1 18. Rxf1 Qa5 19. Rd1 Rfd8 20. a4 Nc6 21. Bc1
Nd4 22. Kh1 d6 23. Be2 Nxe2 24. Qxe2 dxe5 25. fxe5 Rxd1+ 26. Qxd1 Rd8 27. Qe2
Qb4 28. h3 Qd4 29. Kh2 Bh4 30. g3 Bxg3+ 31. Kxg3 Qg1+ 32. Kf3 Qxc1 33. Qa6 Qxc2
34. Qxe6+ Kh8 35. Ne2 Qd3+ 36. Kf2 Qxh3 37. Qc6 Qh2+ 38. Ke1 Qh4+ 39. Kf1 Rd1+
0-1

[Event "OLSW 1920 SK Altenkirchen - SK Gau-Alges"]
[Site "?"]
[Date "2021.07.18"]
[Round "9.1"]
[White "Ovsejevitsch, Sergei"]
[Black "Bruehl, Andreas"]
[Result "1/2-1/2"]
[WhiteElo "2582"]
[BlackElo "2335"]
[PlyCount "64"]
[EventDate "2021.??.??"]

1. d4 d5 2. c4 c6 3. Nf3 Nf6 4. Nbd2 Bf5 5. Nh4 Bg6 6. Qb3 Qb6 7. Qh3 Nbd7 8.
Nxg6 fxg6 9. e3 c5 10. cxd5 cxd4 11. e4 Nc5 12. Bd3 e5 13. dxe6 Nxd3+ 14. Qxd3
Bb4 15. O-O O-O 16. Nf3 Rfe8 17. e5 Nd5 18. Nxd4 Rad8 19. Qe4 Bc5 20. Nb3 Bxf2+
21. Kh1 Be3 22. Re1 Bxc1 23. Raxc1 Qxe6 24. Na5 Rd7 25. h3 g5 26. Rcd1 Nf6 27.
Qa4 Rxd1 28. Qxd1 g4 29. Qb3 Qxb3 30. axb3 gxh3 31. gxh3 Nd7 32. Rd1 Nxe5
1/2-1/2

[Event "OLSW 1920 SK Altenkirchen - SK Gau-Alges"]
[Site "?"]
[Date "2021.07.18"]
[Round "9.4"]
[White "Kaster, Martin"]
[Black "Friedrich, Marius"]
[Result "1/2-1/2"]
[WhiteElo "2060"]
[BlackElo "2068"]
[PlyCount "40"]
[EventDate "2021.??.??"]

1. Nf3 Nf6 2. c4 c6 3. d4 d5 4. Nc3 dxc4 5. a4 Bf5 6. e3 e6 7. Bxc4 Bb4 8. O-O
O-O 9. Ne5 a5 10. g4 Bg6 11. h4 Bxc3 12. bxc3 Nfd7 13. Nxg6 hxg6 14. g5 Nb6 15.
Bb3 Nd5 16. Qd3 f5 17. e4 fxe4 18. Qxe4 Qd6 19. Bd2 Na6 20. Qxg6 Nac7 1/2-1/2

[Event "OLSW 1920 SK Altenkirchen - SK Gau-Alges"]
[Site "?"]
[Date "2021.07.18"]
[Round "9.6"]
[White "Schmidt, Reiner"]
[Black "Grieb, Stefan"]
[Result "1/2-1/2"]
[WhiteElo "2155"]
[BlackElo "1886"]
[PlyCount "36"]
[EventDate "2021.??.??"]

1. e4 c6 2. d4 d5 3. e5 Bf5 4. Nf3 e6 5. Be2 c5 6. Be3 Qb6 7. Na3 Qxb2 8. Nb5
Na6 9. O-O c4 10. a4 Qxc2 11. Qe1 Bb4 12. Bd2 Bxd2 13. Nd6+ Kf8 14. Nxd2 Ne7
15. g4 Bg6 16. f4 Bd3 17. Bxd3 Qxd3 18. Nf3 Nc6 1/2-1/2

[Event "OLSW 1920 Gambit Saarbrücken - SC Heimba"]
[Site "?"]
[Date "2021.07.18"]
[Round "9.1"]
[White "Winterberg, Lukas"]
[Black "Muller, Etienne"]
[Result "0-1"]
[WhiteElo "2389"]
[BlackElo "2197"]
[PlyCount "98"]
[EventDate "2021.??.??"]

1. d4 g6 2. c4 Bg7 3. Nc3 Nf6 4. e4 d6 5. Be2 O-O 6. Nf3 e5 7. O-O exd4 8. Nxd4
Nc6 9. Nxc6 bxc6 10. Bg5 Qe8 11. Qc2 Qe5 12. Bh4 Rb8 13. Rab1 Re8 14. f4 Qa5
15. f5 Qe5 16. Bg3 Qd4+ 17. Bf2 Qe5 18. fxg6 hxg6 19. Bxa7 Ra8 20. Bf2 Nxe4 21.
Nxe4 Bf5 22. Bd3 Bxe4 23. a4 Qf5 24. Bxe4 Rxe4 25. b3 Rae8 26. Qd3 c5 27. Qh3
Qxh3 28. gxh3 Bd4 29. Bxd4 cxd4 30. a5 c5 31. Rf6 Re2 32. Rbf1 Ra2 33. Rxd6
Ree2 34. Rb1 Rg2+ 35. Kh1 Rxh2+ 36. Kg1 Rxh3 37. Rd5 Rh5 38. Rd8+ Kg7 39. b4
cxb4 40. Rxd4 Rhxa5 41. Rxb4 Rc2 42. Rf4 Ra1+ 43. Rf1 Raa2 44. Rf3 f5 45. Rb7+
Kh6 46. Rc7 Kg5 47. Rd7 Kg4 48. Rdd3 f4 49. Rc3 Ra1+ 0-1

[Event "OLSW 1920 Gambit Saarbrücken - SC Heimba"]
[Site "?"]
[Date "2021.07.18"]
[Round "9.2"]
[White "Vogel, Christian"]
[Black "Boidman, Yuri"]
[Result "0-1"]
[WhiteElo "2207"]
[BlackElo "2320"]
[PlyCount "34"]
[EventDate "2021.??.??"]

1. d4 d5 2. c4 c6 3. cxd5 cxd5 4. Bf4 Nc6 5. e3 Nf6 6. Nc3 a6 7. Bd3 Bg4 8. f3
Bh5 9. Nge2 e6 10. O-O Bd6 11. Qd2 Bg6 12. Rad1 Bxd3 13. Qxd3 O-O 14. Bxd6 Qxd6
15. e4 dxe4 16. fxe4 Rad8 17. Qe3 Qxh2+ 0-1

[Event "OLSW 1920 Gambit Saarbrücken - SC Heimba"]
[Site "?"]
[Date "2021.07.18"]
[Round "9.3"]
[White "Schulz, Klaus-Juergen"]
[Black "Erhardt, Michael"]
[Result "1-0"]
[WhiteElo "2327"]
[BlackElo "2071"]
[PlyCount "85"]
[EventDate "2021.??.??"]

1. Nf3 d5 2. d4 Nf6 3. c4 e6 4. Nc3 c5 5. e3 Nc6 6. a3 a6 7. dxc5 Bxc5 8. b4
Ba7 9. Bb2 O-O 10. Be2 dxc4 11. Bxc4 b5 12. Bd3 Bb7 13. O-O Qe7 14. Qe2 Rac8
15. Rac1 Rfd8 16. Ne4 Nxe4 17. Bxe4 Nb8 18. Rxc8 Rxc8 19. Qd3 h6 20. Ne5 Rd8
21. Qc2 Rc8 22. Qd3 Rd8 23. Bh7+ Kf8 24. Qc3 Qg5 25. Ng6+ Ke8 26. Nf4 e5 27. h4
Qe7 28. Qxe5 Qxe5 29. Bxe5 f6 30. Bg6+ Ke7 31. Bc3 Nc6 32. Be4 Rd7 33. Bf5 Rd6
34. Rc1 g5 35. hxg5 fxg5 36. Nh5 Bb6 37. Ng3 Nd8 38. Be5 Rd2 39. Bc3 Ra2 40.
Ra1 Rxa1+ 41. Bxa1 Ne6 42. Bd3 Bc7 43. Nf5+ 1-0

[Event "OLSW 1920 Gambit Saarbrücken - SC Heimba"]
[Site "?"]
[Date "2021.07.18"]
[Round "9.4"]
[White "Forthoffer, Patrick"]
[Black "Ronge, Tim"]
[Result "0-1"]
[WhiteElo "2144"]
[BlackElo "2212"]
[PlyCount "114"]
[EventDate "2021.??.??"]

1. d4 Nf6 2. c4 g6 3. Nc3 Bg7 4. e4 d6 5. Nge2 Nbd7 6. Ng3 h5 7. Be2 h4 8. Nf1
e5 9. d5 Nc5 10. Bg5 Bh6 11. Bxh6 Rxh6 12. Bf3 a5 13. h3 Kf8 14. Ne3 Kg7 15.
Qe2 Nh7 16. Bg4 Qg5 17. Bxc8 Rxc8 18. Ng4 Rh5 19. O-O f5 20. exf5 gxf5 21. f4
exf4 22. Nh2 Nf6 23. Qe7+ Kh8 24. Nf3 Qg6 25. Rad1 Nce4 26. Ne2 Re8 27. Qxc7
Rg8 28. Nxf4 Qg3 29. Ne1 Qe3+ 30. Kh2 Rh7 31. Qxa5 Nf2 32. Rxf2 Qxf2 33. Qd2
Qg3+ 34. Kg1 Re7 35. Qf2 Re4 36. Ned3 Rxc4 37. b3 Qxf2+ 38. Kxf2 Rc2+ 39. Kf1
Ne4 40. a4 Nd2+ 41. Kg1 Nxb3 42. Rb1 Rc3 43. Re1 Rg3 44. Re8+ Kh7 45. Re7+ Kg8
46. Nf2 Rc1+ 47. Kh2 Nd2 48. Rxb7 Nf1+ 49. Kg1 Ne3+ 50. Kh2 Rc2 51. Kg1 Rc1+
52. Kh2 Rc4 53. N2d3 Rxa4 54. Rd7 Nxg2 55. Nh5 Rg6 56. Ndf4 Nxf4 57. Nxf4 Rxf4
0-1

[Event "OLSW 1920 Gambit Saarbrücken - SC Heimba"]
[Site "?"]
[Date "2021.07.18"]
[Round "9.5"]
[White "Puth, Dieter"]
[Black "Haenssel, Christian"]
[Result "1-0"]
[WhiteElo "2222"]
[BlackElo "2054"]
[PlyCount "109"]
[EventDate "2021.??.??"]

1. d4 Nf6 2. c4 g6 3. Nc3 Bg7 4. e4 d6 5. f3 O-O 6. Be3 c6 7. Qd2 a6 8. a3 b5
9. d5 bxc4 10. Bxc4 Bb7 11. Nge2 Nbd7 12. O-O Nb6 13. Ba2 cxd5 14. Nxd5 Nfxd5
15. exd5 Na4 16. Qb4 Qd7 17. Bd4 Bxd4+ 18. Nxd4 Rab8 19. Qd2 Ba8 20. b4 Nb6 21.
Nc2 Rfc8 22. Ne3 Qa4 23. Rfb1 Rc7 24. Bb3 Qd7 25. a4 Qd8 26. a5 Nd7 27. Bc4 Bb7
28. f4 Nf6 29. Qd3 Rbc8 30. h3 h5 31. Rf1 Rxc4 32. Nxc4 Nxd5 33. Rab1 Qc7 34.
Ne3 Qc3 35. Qxc3 Nxc3 36. Rb2 d5 37. Rd2 Ne4 38. Rc2 Nc3 39. Nd1 d4 40. Re1 e6
41. Nxc3 dxc3 42. Re3 Rc4 43. Rcxc3 Rxb4 44. Rb3 Rxb3 45. Rxb3 Bd5 46. Rb4 Kf8
47. Kf2 Ke7 48. g4 hxg4 49. hxg4 f6 50. Rb6 Bc4 51. Rb7+ Kd6 52. Rg7 f5 53. g5
Kd5 54. Ke3 e5 55. Rxg6 1-0

[Event "OLSW 1920 Gambit Saarbrücken - SC Heimba"]
[Site "?"]
[Date "2021.07.18"]
[Round "9.6"]
[White "Pryvalov, Ivan"]
[Black "Roos, Thomas"]
[Result "0-1"]
[WhiteElo "2164"]
[BlackElo "2165"]
[PlyCount "84"]
[EventDate "2021.??.??"]

1. d4 Nf6 2. Bf4 d6 3. e3 Nbd7 4. Nf3 c5 5. c3 g6 6. Nbd2 Bg7 7. h3 O-O 8. Bc4
b6 9. Qe2 Bb7 10. O-O Nd5 11. Bg5 Nc7 12. e4 cxd4 13. cxd4 d5 14. exd5 Nf6 15.
Bxf6 Bxf6 16. Ne4 Bg7 17. Nc3 Bf6 18. Ne4 Bg7 19. Nc3 Bf6 20. Ne5 Nxd5 21. Ne4
Bg7 22. Rac1 e6 23. Rfd1 Rc8 24. g3 Qe7 25. a3 Rfd8 26. Ba6 Rxc1 27. Rxc1 Ba8
28. Qc2 Bh6 29. f4 Ne3 30. Nc6 Bxc6 31. Qxc6 Rxd4 32. Qa8+ Rd8 33. Rc8 Rxc8 34.
Qxc8+ Bf8 35. Bb5 h6 36. Qc1 Nd5 37. Qc6 Bg7 38. b4 f5 39. Nd6 Qf6 40. Qc8+ Kh7
41. Qc1 Qd4+ 42. Kf1 Nc3 0-1

[Event "OLSW 1920 Gambit Saarbrücken - SC Heimba"]
[Site "?"]
[Date "2021.07.18"]
[Round "9.7"]
[White "Schaefer, Jochen"]
[Black "Panfilenko, Wladimir"]
[Result "1/2-1/2"]
[WhiteElo "2135"]
[BlackElo "1956"]
[PlyCount "142"]
[EventDate "2021.??.??"]

1. Nf3 d5 2. c4 c6 3. d4 Nf6 4. Nc3 dxc4 5. a4 Bf5 6. e3 e6 7. Bxc4 Bb4 8. O-O
Nbd7 9. Qe2 Bg6 10. Rd1 O-O 11. Ne5 Nxe5 12. dxe5 Nd7 13. Na2 Be7 14. f4 Qc7
15. e4 Nb6 16. Bb3 Bc5+ 17. Kh1 Rad8 18. Rf1 h6 19. Nc3 Bh7 20. Bd2 Qd7 21.
Rad1 Qd3 22. Qe1 Qd4 23. Rf3 Bb4 24. Bc2 Qc5 25. Rg3 Nc4 26. Bc1 Kh8 27. Rgd3
Ba5 28. Qe2 Rxd3 29. Bxd3 Bxc3 30. Bxc4 Ba5 31. Be3 Qb4 32. b3 Rd8 33. f5 b5
34. axb5 cxb5 35. Rxd8+ Bxd8 36. Bxb5 Qxe4 37. fxe6 fxe6 38. Bxa7 Qb1+ 39. Qf1
Qxb3 40. Bc4 Qb1 41. Qxb1 Bxb1 42. Bxe6 Bc7 43. Bd4 g6 44. g4 Kg7 45. Kg2 h5
46. gxh5 gxh5 47. Kf3 Kg6 48. Kf4 Ba5 49. Be3 Bd8 50. Bf2 Bg5+ 51. Kf3 Bd3 52.
h4 Bd2 53. Bg3 Bc1 54. Bd7 Kf7 55. Bf2 Ke7 56. Bh3 Ba3 57. Be3 Kf7 58. Bg5 Bc4
59. Ke4 Be6 60. Bf1 Bc5 61. Be2 Kg6 62. Kf4 Ba3 63. Bd3+ Kf7 64. Ke4 Bc5 65.
Be2 Kg6 66. Bf3 Bb6 67. Bf6 Bg1 68. Kd3 Bf2 69. Bc6 Kf5 70. Bf3 Bg3 71. Kd4
Bf2+ 1/2-1/2